00469nam a2200181Ia 450000500170000000800410001702000150005808200200007310000220009324500310011526000500014630000180019665000100021465000220022465000150024665000140026165000120027520250206050206.0240331s9999 xx 000 0 und d a0853454159 bSAF2256a305.4 aSaffioti, H. I. B 0aWomen in Classless Society aNew York;aLondonbMonthly Review Pressc1978 axxiv, 378 p., aWomen aClassless Society aCapitalism aSocialism aHistory